000 00521nam a2200169 4500
001 116327
003 ES-MaACL
005 20230906190702.0
007 t|
008 061121s1960 sp r ||||1| spa d
100 1 _aPatsch, Joseph.
_989601
245 1 0 _aJosé, padre nutricio de Jesús /
_cJoseph Patsch ; versión española por S. Folgado Flórez.
260 _aBarcelona :
_bHerder,
_c1960.
300 _a154 p. ;
_c18 cm +
_e1 map.
700 1 _aFolgado Flórez, F.
_951463
852 _aES-MaACL
_jC-19487
_bR.46444
999 _c116327
_d116327